Times de futebol brasileiros que conquistaram a Copa Libertadores da América - Statistics

Estatísticas Gerais
  • Esse quiz foi jogado 3 730 vezes
    1 254 desde o último reset
  • A pontuação média é 12 de 12
Estatísticas das Respostas
Títulos Equipe % Correto
3 (1981, 2019, 2022) Flamengo
100%
3 (1999, 2020, 2021) Palmeiras
100%
3 (1962, 1963, 2011) Santos
99%
3 (1992, 1993, 2005) São Paulo
99%
1 (2024) Botafogo
98%
1 (2012) Corinthians
98%
1 (2023) Fluminense
98%
3 (1983, 1995, 2017) Grêmio
98%
1 (2013) Atlético Mineiro
97%
2 (2006, 2010) Internacional
97%
1 (1998) Vasco da Gama
96%
2 (1976,1997) Cruzeiro
94%
Nenhum quiz correspondente encontrado
Distribuição das Pontuações
Porcentagem de Pessoas com Cada Pontuação
Percentil de Números Respondidos
Sua Pontuação Histórica
Você não jogou esse quiz desde o último reset